<?xml version="1.0" encoding="UTF-8"?>
<marc:record xmlns:marc="http://www.loc.gov/MARC21/slim">
   <marc:leader>00000nam a2200000 a 4500</marc:leader>
   <marc:datafield ind1="1" ind2=" " tag="100">
      <marc:subfield code="a">Kreslehner, Gabi</marc:subfield>
      <marc:subfield code="4">aut</marc:subfield>
      <marc:subfield code="e">Verfasser/-in</marc:subfield>
   </marc:datafield>
   <marc:datafield ind1=" " ind2=" " tag="653">
      <marc:subfield code="a">¤DEPRESSION</marc:subfield>
   </marc:datafield>
   <marc:datafield ind1=" " ind2=" " tag="653">
      <marc:subfield code="a">¤17-jähriger Junge</marc:subfield>
   </marc:datafield>
   <marc:datafield ind1=" " ind2=" " tag="653">
      <marc:subfield code="a">¤Freundin</marc:subfield>
   </marc:datafield>
   <marc:datafield ind1=" " ind2=" " tag="653">
      <marc:subfield code="a">¤Gefühle</marc:subfield>
   </marc:datafield>
   <marc:datafield ind1=" " ind2=" " tag="653">
      <marc:subfield code="a">¤Jugendbuch</marc:subfield>
   </marc:datafield>
   <marc:datafield ind1=" " ind2=" " tag="653">
      <marc:subfield code="a">¤Roman</marc:subfield>
   </marc:datafield>
   <marc:datafield ind1=" " ind2=" " tag="653">
      <marc:subfield code="a">¤Schuldgefühle</marc:subfield>
   </marc:datafield>
   <marc:datafield ind1=" " ind2=" " tag="653">
      <marc:subfield code="a">¤Tod der Mutter und der Schwester</marc:subfield>
   </marc:datafield>
   <marc:datafield ind1=" " ind2=" " tag="653">
      <marc:subfield code="a">¤Verantwortung</marc:subfield>
   </marc:datafield>
   <marc:datafield ind1="0" ind2="0" tag="245">
      <marc:subfield code="a">Und der Himmel rot</marc:subfield>
   </marc:datafield>
   <marc:datafield ind1="0" ind2="0" tag="245">
      <marc:subfield code="b">Roman</marc:subfield>
   </marc:datafield>
   <marc:datafield ind1=" " ind2="1" tag="264">
      <marc:subfield code="b">Beltz &amp; Gelberg</marc:subfield>
      <marc:subfield code="c">2011</marc:subfield>
   </marc:datafield>
   <marc:datafield ind1="1" ind2=" " tag="520">
      <marc:subfield code="a">Der 17-jährige Oliver taucht auf aus einem Leben in Eiseskälte, in Schuld. (ab 15) (DR) Seit damals, vor mehr als tausend Tagen, das mit seiner Schwester Irina passierte, ist nichts mehr gut in Oliver Darms Leben. Er, der Irina zuletzt sah, der sah, wie sie in den reißenden Fluss stürzte, erzählt niemandem davon, hortet ihre Schuhe, die sie am Ufer zurückließ, wie einen Schatz. Schuldgefühle fressen sich wie Eis durch Darms Adern. Es scheint, als hätte er abgeschlossen mit seinem "Scheißleben", er resigniert, ist zermürbt, antriebslos. Und doch suchen sich das Leben und die Liebe wie eine Naturgewalt, wie der Fluss, an dem die Geschichte spielt, ihren Weg. Denn da ist Jana, deren leuchtende Augen ihn so sehr an Irinas erinnern, Jana, die sich nicht abwimmeln lässt von seiner Gefühlskälte, die ihm duldsam und verliebt die Zuversicht für seine Zukunft zurückgibt. Diese tragische Familiengeschichte voller Abgründe, in Kreslehners gewohnt melodiösem Erzählduktus verfasst, eignet sich für versierte LeserInnen ab 15. Das personale Erzählen, das rasch zwischen den Figuren wechselt, fordert eine konzentrierte Lektüre. Nominiert für den Deutschen Jugendliteraturpreis 2012 und allen Büchereien zu empfehlen. *bn* Cornelia Gstöttinger</marc:subfield>
   </marc:datafield>
   <marc:datafield ind1=" " ind2=" " tag="020">
      <marc:subfield code="a">9783407810809</marc:subfield>
      <marc:subfield code="9">9783407810809</marc:subfield>
   </marc:datafield>
</marc:record>
